00457cam a22001331 450008200160000010000220001624500440003826000430008230000260012549000390015150000660019065000410025665000260029700a546.225 DRA1 aDrago, Russell S.10aPhysical methods in inorganic chemistry aNew York,bReinhold Pub. Corp.c[1965] axviii, 430 p.billus.0 aReinhold chemistry textbook series aPublished in 1977 under title: Physical methods in chemistry. 0aChemistry, Physical and theoretical. 0aChemistry, Inorganic.